|
|
|
|
| LEADER |
00000nab a2200000 a 4500 |
| 001 |
vtls000230688 |
| 003 |
SK-MaSNL |
| 005 |
20260302221817.0 |
| 008 |
150501c1985 xo 0 slo |
| 015 |
|
|
|a SNBRB19rr/mm-uuuuu
|
| 035 |
|
|
|a CL0240802
|
| 040 |
|
|
|a SNKBUCL
|b slo
|c SNKBUCL
|e AACR2
|
| 041 |
0 |
|
|a slo
|
| 044 |
|
|
|a xo
|c SK
|
| 080 |
|
|
|a 327.51(100-11)
|2 1981
|
| 100 |
1 |
|
|a Bydžovský, Juraj
|4 aut
|9 730789
|
| 245 |
1 |
0 |
|a Európa potrebuje uvoľňovanie, odzbrojenie, spoluprácu
|b Zamyslenie nad sofijskou deklaráciou
|c Juraj Bydžovský
|
| 650 |
0 |
7 |
|a Varšavská zmluva (1955)
|2 snkbucl
|9 328080
|
| 655 |
|
7 |
|a články z novín a časopisov
|2 snkbucl
|9 267496
|
| 773 |
0 |
|
|t Pravda
|g Roč. 66, č. 261 (5. 11. 1985), s. 6
|
| 850 |
|
|
|a Slovenská národná knižnica v Martine
|a MTA001
|
| 852 |
|
|
|a SNK
|b KIS3GCP
|
| 958 |
|
|
|a RK
|
| 958 |
|
|
|a BG
|
| 992 |
|
|
|a RBX
|
| 999 |
|
|
|c 1513621
|d 1515551
|